00392nam a2200121 a 450000100100000000500170001000800410002704000250006808200150009324500420010826000930015030000270024300003030220200930060220.0110509s1985 dr a 000 0 spa d aDO-SdBNPbspacBNPHU axxxbN897c00aNosotras y el cambio en la comunidad. aSanto Domingo :bCentro de Solidaridad para el Desarrollo de la Mujer (CE-MUJER),c1985. a36 p. :bil. ;c29 cm.